[Event "Ivrea op 11th"]
[Site "Ivrea"]
[Date "2005.05.29"]
[Round "4"]
[White "Perissinotto, Claudio"]
[Black "Aglietti, Graziano"]
[Result "1/2-1/2"]
[WhiteElo "2098"]
[BlackElo "2048"]
[PlyCount "65"]
[EventDate "2005.05.27"]
[EventType "swiss"]
[EventRounds "5"]
[EventCountry "ITA"]
[SourceTitle "EXT 2008"]
[Source "ChessBase"]
[SourceDate "2007.11.25"]
[SourceVersion "1"]
[SourceVersionDate "2007.11.25"]
[SourceQuality "1"]

1. e4 e6 2. d4 d5 3. Nc3 Bb4 4. e5 c5 5. a3 Bxc3+ 6. bxc3 Qc7 7. Qg4 f5 8. exf6 Nxf6 9. Qg3 Qxg3 10. hxg3 0-0 11. c4 cxd4 12. Nf3 Nc6 13. Bb2 Kh8 14. Nxd4 e5 15. Nxc6 bxc6 16. cxd5 cxd5 17. Bxe5 Re8 18. f4 Ng4 19. Bb5 Re7 20. 0-0 Bf5 21. Bd3 Bxd3 22. cxd3 Nxe5 23. fxe5 Rxe5 24. Rae1 Rg5 25. Rf3 h6 26. Re7 a5 27. Rfe3 Kh7 28. R7e5 Rb8 29. Rxg5 hxg5 30. Re5 Rb3 31. Rxd5 Rxa3 32. Rxg5 Rxd3 33. Rxa5 1/2-1/2

[Event "Ivrea op 11th"]
[Site "Ivrea"]
[Date "2005.05.27"]
[Round "1"]
[White "Laurenti, Stefano"]
[Black "Perissinotto, Claudio"]
[Result "0-1"]
[WhiteElo "1868"]
[BlackElo "2098"]
[PlyCount "50"]
[EventDate "2005.05.27"]
[EventType "swiss"]
[EventRounds "5"]
[EventCountry "ITA"]
[SourceTitle "EXT 2008"]
[Source "ChessBase"]
[SourceDate "2007.11.25"]
[SourceVersion "1"]
[SourceVersionDate "2007.11.25"]
[SourceQuality "1"]

1. e4 c5 2. Nc3 Nc6 3. f4 g6 4. Bb5 Nd4 5. Nf3 Nxb5 6. Nxb5 Bg7 7. 0-0 d6 8. d3 Nf6 9. Qe1 0-0 10. Kh1 Bd7 11. Nc3 b5 12. Qh4 b4 13. Nd1 a5 14. Ne3 e6 15. f5 exf5 16. exf5 d5 17. g4 d4 18. Nc4 Nd5 19. Bg5 f6 20. fxg6 hxg6 21. Rae1 fxg5 22. Nxg5 Rxf1+ 23. Rxf1 Nf6 24. Ne5 Be8 25. Ne6 Qd5+ 0-1

[Event "Como Province-ch"]
[Site "Mariano Comense"]
[Date "2005.03.13"]
[Round "5"]
[White "Perissinotto, Claudio"]
[Black "Rossi, Giampiero"]
[Result "1-0"]
[WhiteElo "2100"]
[BlackElo "2029"]
[PlyCount "71"]
[EventDate "2005.03.05"]
[EventType "swiss"]
[EventRounds "6"]
[EventCountry "ITA"]
[SourceTitle "EXT 2024"]
[Source "ChessBase"]
[SourceDate "2023.10.10"]
[SourceVersion "1"]
[SourceVersionDate "2023.10.10"]
[SourceQuality "1"]

1. e4 c5 2. Nf3 e6 3. d4 cxd4 4. Nxd4 a6 5. Bd3 Nf6 6. Qe2 d6 7. c4 Be7 8. b3 0-0 9. Nc3 Bd7 10. 0-0 Nc6 11. Nxc6 Bxc6 12. Rd1 Qb8 13. Bb2 b6 14. Re1 Qb7 15. Nd5 exd5 16. exd5 Rfe8 17. dxc6 Qxc6 18. Rad1 Rab8 19. Qc2 h6 20. Re3 Bd8 21. Rde1 Rxe3 22. Rxe3 Ne8 23. Qe2 Bf6 24. Ba3 Nc7 25. Be4 Qd7 26. Rd3 Be7 27. Bb2 Bf8 28. Rg3 Re8 29. Qd3 f5 30. Bd5+ Nxd5 31. Qxd5+ Qe6 32. Qxe6+ Rxe6 33. Kf1 b5 34. cxb5 axb5 35. Rd3 g5 36. Rd5 1-0

[Event "Como Province-ch"]
[Site "Mariano Comense"]
[Date "2005.03.06"]
[Round "2"]
[White "Perissinotto, Claudio"]
[Black "Liscio, Giovanni"]
[Result "1-0"]
[WhiteElo "2100"]
[BlackElo "1964"]
[PlyCount "49"]
[EventDate "2005.03.05"]
[EventType "swiss"]
[EventRounds "6"]
[EventCountry "ITA"]
[SourceTitle "EXT 2024"]
[Source "ChessBase"]
[SourceDate "2023.10.10"]
[SourceVersion "1"]
[SourceVersionDate "2023.10.10"]
[SourceQuality "1"]

1. e4 c5 2. Nf3 Nc6 3. d4 cxd4 4. Nxd4 e5 5. Nb5 d6 6. c4 Nf6 7. N1c3 Be6 8. Be2 a6 9. Na3 h6 10. Be3 Be7 11. Qd2 Rc8 12. h3 Na5 13. b3 d5 14. exd5 Bxd5 15. Nxd5 Nxd5 16. cxd5 Bxa3 17. 0-0 b5 18. Bg4 Rb8 19. f4 Bd6 20. fxe5 Bxe5 21. Rae1 0-0 22. Bxh6 Bg3 23. Qc3 gxh6 24. Qxg3 Nb7 25. Bh5+ 1-0

[Event "Ceriano Laghetto op 12th"]
[Site "Ceriano Laghetto"]
[Date "2005.02.06"]
[Round "6"]
[White "Perissinotto, Claudio"]
[Black "Mosconi, Ariel Oscar"]
[Result "0-1"]
[WhiteElo "2100"]
[BlackElo "2200"]
[PlyCount "54"]
[EventDate "2005.01.29"]
[EventType "swiss"]
[EventRounds "5"]
[EventCountry "ITA"]
[SourceTitle "EXT 2007"]
[Source "ChessBase"]
[SourceDate "2006.11.23"]
[SourceVersion "1"]
[SourceVersionDate "2006.11.23"]
[SourceQuality "1"]

1. e4 e5 2. Nf3 Nc6 3. Bb5 f5 4. Nc3 Nf6 5. d4 fxe4 6. Nxe5 Bd6 7. Nxc6 bxc6 8. Bc4 Bb4 9. Bd2 d5 10. Be2 Bd6 11. 0-0 0-0 12. f3 c5 13. Be3 cxd4 14. Bxd4 exf3 15. Bxf3 c6 16. Bxf6 Rxf6 17. Bxd5+ cxd5 18. Rxf6 Bc5+ 19. Rf2 Bxf2+ 20. Kxf2 Qb6+ 21. Ke1 Bb7 22. Qd3 Re8+ 23. Kd2 Qh6+ 24. Kd1 Qxh2 25. Rc1 Qxg2 26. Ne2 Bc8 27. Kd2 Qg5+ 0-1

[Event "Ceriano Laghetto op 12th"]
[Site "Ceriano Laghetto"]
[Date "2005.01.30"]
[Round "3"]
[White "Berni, Fabrizio"]
[Black "Perissinotto, Claudio"]
[Result "1-0"]
[WhiteElo "2156"]
[BlackElo "2100"]
[PlyCount "53"]
[EventDate "2005.01.29"]
[EventType "swiss"]
[EventRounds "5"]
[EventCountry "ITA"]
[SourceTitle "EXT 2007"]
[Source "ChessBase"]
[SourceDate "2006.11.23"]
[SourceVersion "1"]
[SourceVersionDate "2006.11.23"]
[SourceQuality "1"]

1. e4 c5 2. Nf3 d6 3. d4 cxd4 4. Nxd4 Nf6 5. Nc3 g6 6. Bc4 Bg7 7. f3 Nc6 8. Be3 0-0 9. Qd2 Bd7 10. 0-0-0 Rc8 11. Bb3 Ne5 12. h4 h5 13. g4 hxg4 14. h5 gxh5 15. Bh6 Kh7 16. Bxg7 Kxg7 17. Qg5+ Ng6 18. Nf5+ Bxf5 19. exf5 Rc5 20. Ne4 Nxe4 21. fxe4 e6 22. Qxh5 Rh8 23. Qxg4 Rh4 24. Rxh4 Qxh4 25. Qxh4 Nxh4 26. fxe6 fxe6 27. Rxd6 1-0

[Event "Ceriano Laghetto op 12th"]
[Site "Ceriano Laghetto"]
[Date "2005.01.29"]
[Round "1"]
[White "Perissinotto, Claudio"]
[Black "Salvador, Roland"]
[Result "1-0"]
[WhiteElo "2100"]
[BlackElo "2340"]
[PlyCount "91"]
[EventDate "2005.01.29"]
[EventType "swiss"]
[EventRounds "5"]
[EventCountry "ITA"]
[SourceTitle "EXT 2007"]
[Source "ChessBase"]
[SourceDate "2006.11.23"]
[SourceVersion "1"]
[SourceVersionDate "2006.11.23"]
[SourceQuality "1"]

1. e4 c5 2. Nf3 Nc6 3. d4 cxd4 4. Nxd4 e5 5. Nb5 d6 6. c4 Be7 7. N1c3 a6 8. Na3 f5 9. exf5 Bxf5 10. Bd3 Be6 11. 0-0 Nf6 12. Nc2 0-0 13. Ne3 Qd7 14. Ned5 Bd8 15. Nxf6+ Bxf6 16. Nd5 Bxd5 17. cxd5 Ne7 18. Be4 Rac8 19. Be3 Qb5 20. Qh5 g6 21. Qg4 Kg7 22. Qe6 Qb4 23. Rfe1 Nf5 24. Bxf5 Rce8 25. a3 Qb3 26. Qxd6 gxf5 27. Qb6 Qxd5 28. Red1 Qf7 29. Rd2 Re6 30. Qa5 f4 31. Bc5 Rg8 32. Rad1 Kh8 33. Rd7 Qh5 34. Qe1 b6 35. Bb4 e4 36. Bc3 f3 37. Rd8 Qg5 38. g3 Rxd8 39. Rxd8+ Kg7 40. h4 Qf5 41. Qd2 e3 42. fxe3 Bxc3 43. Qxc3+ Kh6 44. Qd4 Re4 45. Rd6+ Kh5 46. Rd5 1-0

[Event "Novara op 5th"]
[Site "Novara"]
[Date "2004.10.23"]
[Round "3"]
[White "Aceto, Lorenzo"]
[Black "Perissinotto, Claudio"]
[Result "1-0"]
[WhiteElo "2150"]
[BlackElo "2105"]
[PlyCount "53"]
[EventDate "2004.10.22"]
[EventType "swiss"]
[EventRounds "5"]
[EventCountry "ITA"]
[SourceTitle "CBM 102 Extra"]
[Source "ChessBase"]
[SourceDate "2004.11.03"]
[SourceVersion "1"]
[SourceVersionDate "2004.11.03"]
[SourceQuality "1"]

1. e4 c5 2. Nf3 d6 3. d4 cxd4 4. Nxd4 Nf6 5. Nc3 g6 6. Be3 Bg7 7. f3 0-0 8. Qd2 Nc6 9. 0-0-0 d5 10. Nb3 dxe4 11. Qf2 Qc7 12. h4 h5 13. Be2 Bf5 14. g4 hxg4 15. fxg4 Nxg4 16. Bxg4 Bxg4 17. Rdg1 Bf3 18. h5 Bxh1 19. Rxh1 Ne5 20. hxg6 Nxg6 21. Qg2 Rac8 22. Qh3 Rfd8 23. Nc5 Qc6 24. Qh7+ Kf8 25. Rf1 Rd4 26. Bxd4 Bxd4 27. Qxf7# 1-0

[Event "Novara op 5th"]
[Site "Novara"]
[Date "2004.10.23"]
[Round "2"]
[White "Perissinotto, Claudio"]
[Black "Sgnaolin, Davide"]
[Result "1-0"]
[WhiteElo "2105"]
[BlackElo "2125"]
[PlyCount "75"]
[EventDate "2004.10.22"]
[EventType "swiss"]
[EventRounds "5"]
[EventCountry "ITA"]
[SourceTitle "CBM 102 Extra"]
[Source "ChessBase"]
[SourceDate "2004.11.03"]
[SourceVersion "1"]
[SourceVersionDate "2004.11.03"]
[SourceQuality "1"]

1. e4 c5 2. Nf3 Nc6 3. d4 cxd4 4. Nxd4 Nf6 5. Nc3 e5 6. Ndb5 d6 7. Bg5 a6 8. Na3 b5 9. Bxf6 gxf6 10. Nd5 f5 11. Bd3 Be6 12. c3 Bxd5 13. exd5 Ne7 14. Nxb5 Bg7 15. Na3 0-0 16. 0-0 e4 17. Be2 Ng6 18. Qd2 f4 19. f3 e3 20. Qc2 Qg5 21. Bd3 f5 22. Rae1 Nh4 23. Re2 Rf6 24. Kh1 Kh8 25. c4 Rg6 26. b4 Rg8 27. c5 Be5 28. c6 Nxg2 29. Bxf5 R6g7 30. Be6 Nh4 31. Bxg8 Nxf3 32. Rg2 Qxg2+ 33. Qxg2 Rxg2 34. Kxg2 e2 35. Nc2 Nh4+ 36. Kf2 f3 37. c7 Bxh2 38. Rh1 1-0

[Event "Novara op 5th"]
[Site "Novara"]
[Date "2004.10.22"]
[Round "1"]
[White "Drei, Andrea"]
[Black "Perissinotto, Claudio"]
[Result "1-0"]
[WhiteElo "2247"]
[BlackElo "2105"]
[PlyCount "63"]
[EventDate "2004.10.22"]
[EventType "swiss"]
[EventRounds "5"]
[EventCountry "ITA"]
[SourceTitle "CBM 102 Extra"]
[Source "ChessBase"]
[SourceDate "2004.11.03"]
[SourceVersion "1"]
[SourceVersionDate "2004.11.03"]
[SourceQuality "1"]

1. e4 c5 2. Nf3 d6 3. d4 cxd4 4. Nxd4 Nf6 5. Nc3 g6 6. Be3 Bg7 7. f3 0-0 8. Qd2 Nc6 9. 0-0-0 d5 10. Kb1 Nxd4 11. e5 Nd7 12. Bxd4 Nxe5 13. Qe3 Nc6 14. Bxg7 Kxg7 15. Rxd5 Qc7 16. Bb5 Be6 17. Rc5 Rfd8 18. h4 Qd6 19. Bxc6 bxc6 20. h5 Bd5 21. hxg6 Qxg6 22. Rd1 e6 23. b3 Rab8 24. Ra5 Rb7 25. Rxa7 Rxa7 26. Qxa7 Qg3 27. Qd4+ e5 28. Qe3 f6 29. Qa7+ Kg8 30. Qe7 Rf8 31. Nxd5 cxd5 32. Rxd5 1-0

[Event "Ceriano Laghetto op 11th"]
[Site "Ceriano Laghetto"]
[Date "2002.02.03"]
[Round "6"]
[White "Crippa, Gabriele"]
[Black "Perissinotto, Claudio"]
[Result "1/2-1/2"]
[WhiteElo "2124"]
[BlackElo "2076"]
[PlyCount "66"]
[EventDate "2002.01.26"]
[EventType "swiss"]
[EventRounds "6"]
[EventCountry "ITA"]
[SourceTitle "EXT 2024"]
[Source "ChessBase"]
[SourceDate "2023.10.10"]
[SourceVersion "1"]
[SourceVersionDate "2023.10.10"]
[SourceQuality "1"]

1. d4 d5 2. Nf3 Nf6 3. Bg5 Nbd7 4. e3 e6 5. Bd3 c5 6. c3 Bd6 7. 0-0 Qc7 8. Nbd2 b6 9. e4 cxd4 10. Nxd4 Bxh2+ 11. Kh1 Bf4 12. Nb5 Qb8 13. Bxf6 Nxf6 14. exd5 Nxd5 15. c4 Nf6 16. Ne4 Nxe4 17. Bxe4 Bb7 18. Bxb7 Qxb7 19. Qg4 Qb8 20. Qxg7 Ke7 21. Nd4 Qg8 22. Nc6+ Kd7 23. Qd4+ Kxc6 24. Qxf4 Qg6 25. b4 Rad8 26. Rac1 Rhg8 27. Qf3+ Kc7 28. c5 Rd5 29. cxb6+ Kxb6 30. Kg1 Qg4 31. Rc3 Qxf3 32. Rxf3 Rd7 33. Rc1 Rg4 1/2-1/2

[Event "Ceriano Laghetto op 11th"]
[Site "Ceriano Laghetto"]
[Date "2002.02.03"]
[Round "5"]
[White "Perissinotto, Claudio"]
[Black "Genovese, Maurizio"]
[Result "0-1"]
[WhiteElo "2076"]
[BlackElo "2280"]
[PlyCount "78"]
[EventDate "2002.01.26"]
[EventType "swiss"]
[EventRounds "6"]
[EventCountry "ITA"]
[SourceTitle "EXT 2024"]
[Source "ChessBase"]
[SourceDate "2023.10.10"]
[SourceVersion "1"]
[SourceVersionDate "2023.10.10"]
[SourceQuality "1"]

1. e4 e5 2. Nf3 Nc6 3. Bb5 a6 4. Ba4 Nf6 5. 0-0 Be7 6. Re1 b5 7. Bb3 0-0 8. c3 d6 9. h3 Nb8 10. d4 Nbd7 11. Nbd2 Bb7 12. Bc2 Re8 13. Nf1 Bf8 14. Ng3 g6 15. b3 Bg7 16. Bb2 Nb6 17. Qd2 Nfd7 18. Rad1 Qf6 19. d5 Nc5 20. Bc1 h6 21. Nh2 h5 22. Nf3 Qe7 23. Qe2 c6 24. dxc6 Bxc6 25. Ng5 Ne6 26. Nxe6 Qxe6 27. Be3 Nd7 28. Qd2 Bf8 29. f3 Nf6 30. Bh6 Be7 31. Nf5 Red8 32. Nxe7+ Qxe7 33. Re3 Rd7 34. Rd3 d5 35. exd5 Rxd5 36. Rxd5 Nxd5 37. Be4 Qc5+ 38. Qf2 Qxf2+ 39. Kxf2 Nxc3 0-1

[Event "Como Province-ch"]
[Site "Como"]
[Date "2001.02.16"]
[Round "6"]
[White "Perissinotto, Claudio"]
[Black "Buonocore, Elio"]
[Result "1-0"]
[WhiteElo "2108"]
[BlackElo "2091"]
[PlyCount "53"]
[EventDate "2001.01.12"]
[EventType "swiss"]
[EventRounds "8"]
[EventCountry "ITA"]
[SourceTitle "EXT 2023"]
[Source "ChessBase"]
[SourceDate "2022.10.05"]
[SourceVersion "1"]
[SourceVersionDate "2022.10.05"]
[SourceQuality "1"]

1. e4 e5 2. Nf3 Nf6 3. Nxe5 d6 4. Nf3 Nxe4 5. c4 Be7 6. Nc3 Nxc3 7. dxc3 Nc6 8. Bd3 Bg4 9. Bf4 Qd7 10. Qc2 Bxf3 11. Bf5 Qd8 12. gxf3 g6 13. Be4 Qd7 14. 0-0-0 0-0-0 15. Qa4 g5 16. Be3 f5 17. Bd5 a6 18. Rhe1 Bf6 19. c5 Rde8 20. cxd6 Qxd6 21. Bc4 Qxh2 22. Bxa6 Nb8 23. Qb5 bxa6 24. Qxf5+ Kb7 25. Qxf6 h6 26. Rh1 Qe5 27. Qxe5 1-0

[Event "Porto San Giorgio op 12th"]
[Site "Porto San Giorgio"]
[Date "2000.08.20"]
[Round "1"]
[White "Chatalbashev, Boris"]
[Black "Perissinotto, Claudio"]
[Result "1-0"]
[WhiteElo "2494"]
[BlackElo "2130"]
[PlyCount "61"]
[EventDate "2000.08.20"]
[EventType "swiss"]
[EventRounds "9"]
[EventCountry "ITA"]
[SourceTitle "EXT 2001"]
[Source "ChessBase"]
[SourceDate "2000.11.22"]
[SourceVersion "1"]
[SourceVersionDate "2000.11.22"]
[SourceQuality "1"]

1. d4 d5 2. c4 e6 3. Nc3 Be7 4. Nf3 Nf6 5. Bg5 h6 6. Bh4 0-0 7. e3 b6 8. Be2 Bb7 9. Bxf6 Bxf6 10. cxd5 exd5 11. b4 c6 12. 0-0 Qd6 13. Qb3 Nd7 14. Rfd1 a5 15. bxa5 Rxa5 16. a4 Ba6 17. Bxa6 Rxa6 18. Rac1 Rfa8 19. h3 Be7 20. Qc2 Nf6 21. Ne5 Qe6 22. Rb1 Nd7 23. Nd3 Bd6 24. Nb4 Bxb4 25. Rxb4 c5 26. Rb5 c4 27. Nxd5 Rxa4 28. Rdb1 R8a5 29. Nxb6 Ra2 30. Nxd7 Rxc2 31. Rb8+ 1-0

[Event "Salento op 5th"]
[Site "Gallipoli"]
[Date "2000.06.25"]
[Round "5"]
[White "Patavia, Antonio"]
[Black "Perissinotto, Claudio"]
[Result "1/2-1/2"]
[WhiteElo "2088"]
[BlackElo "2130"]
[PlyCount "73"]
[EventDate "2000.06.??"]
[EventType "swiss"]
[EventRounds "6"]
[EventCountry "ITA"]
[SourceTitle "EXT 2005"]
[Source "ChessBase"]
[SourceDate "2004.11.15"]
[SourceVersion "1"]
[SourceVersionDate "2004.11.15"]
[SourceQuality "1"]

1. e4 d6 2. d4 Nf6 3. Nc3 g6 4. Nf3 Bg7 5. Be2 0-0 6. 0-0 Bg4 7. Be3 Nc6 8. Qd2 e5 9. dxe5 dxe5 10. Rad1 a6 11. Qc1 Qc8 12. h3 Bxf3 13. Bxf3 Rd8 14. Rxd8+ Qxd8 15. Rd1 Qe8 16. Ne2 Rd8 17. c3 Rd7 18. Rd2 Qd8 19. Qd1 Rxd2 20. Qxd2 Qxd2 21. Bxd2 h5 22. Nc1 Kh7 23. Kf1 Bh6 24. Ke2 Nd7 25. Nd3 Nd8 26. Bxh6 Kxh6 27. Ke3 Ne6 28. Bd1 Kg5 29. Bb3 Kf6 30. h4 Ndc5 31. Nxc5 Nxc5 32. Bd1 a5 33. b3 Ke7 34. a3 Ne6 35. b4 axb4 36. axb4 c5 37. Bb3 1/2-1/2

[Event "Como Province-ch"]
[Site "Como"]
[Date "1998.??.??"]
[Round "8"]
[White "Bellotto, Stefano"]
[Black "Perissinotto, Claudio"]
[Result "1-0"]
[WhiteElo "1725"]
[BlackElo "2020"]
[PlyCount "90"]
[EventDate "1998.??.??"]
[EventType "swiss"]
[EventRounds "8"]
[EventCountry "ITA"]
[SourceTitle "EXT 2023"]
[Source "ChessBase"]
[SourceDate "2022.10.05"]
[SourceVersion "1"]
[SourceVersionDate "2022.10.05"]
[SourceQuality "1"]

1. d4 g6 2. c4 Bg7 3. Nc3 d6 4. e4 Nc6 5. Be3 e5 6. d5 Nce7 7. Be2 f5 8. f3 Nf6 9. Nh3 0-0 10. Nf2 Nh5 11. g3 f4 12. gxf4 Nxf4 13. Bxf4 exf4 14. Qd2 a6 15. Nd3 g5 16. 0-0-0 Ng6 17. Rdg1 b5 18. Nb4 bxc4 19. Nc6 Qf6 20. Bxc4 Bh3 21. e5 Nxe5 22. Ne4 Nxc4 23. Nxf6+ Bxf6 24. Qe2 Nxb2 25. Rxg5+ Bxg5 26. Rg1 h6 27. Qxb2 Kh7 28. Qc3 Rae8 29. Nd4 Re7 30. Re1 Rfe8 31. Qd3+ Kg7 32. Rxe7+ Rxe7 33. Qxa6 Bf6 34. Qd3 Re5 35. Qc4 c5 36. Ne6+ Kf7 37. a4 Re3 38. Qxf4 Rc3+ 39. Kd2 Ra3 40. Qxd6 Rxf3 41. Qxc5 Bf5 42. Ke2 Rb3 43. Qf8+ Kg6 44. Qg8+ Kh5 45. Qf7+ Bg6 1-0